Federation of Bosnia-Herzegovina Cantons Quiz Stats

 Plays Quiz not verified by Sporcle

Challenge
Share
Tweet
Embed
Score 0/10 Timer 05:00
0 Plays Today
% Correct
Sarajevo
94%
Tuzla
63.1%
Canton 10
50%
Una-Sana
46.4%
Zenica-Doboj
42.9%
Central Bosnia
39.3%
Posavina
38.1%
West Herzegovina
38.1%
Herzegovina-Neretva
36.9%
Bosnian Podrinje
27.4%

You're not logged in!

Compare scores with friends on all Sporcle quizzes.
Join for Free
OR
Log In

You Might Also Like...

Show Comments

Extras

Created May 3, 2010ReportNominate
Tags:canton, federation

Top Quizzes Today


Score Distribution

Your Account Isn't Verified!

In order to create a playlist on Sporcle, you need to verify the email address you used during registration. Go to your Sporcle Settings to finish the process.

Report this User

Report this user for behavior that violates our Community Guidelines.

Details: